| 000 | 01363cam a22003255a 4500 | ||
|---|---|---|---|
| 003 | EG-ScBUE | ||
| 005 | 20220523110001.0 | ||
| 008 | 150823s2003 enka f f000 0 eng d | ||
| 020 | _a140501749X | ||
| 020 | _a9781405017497 | ||
| 040 |
_aEG-ScBUE _beng _erda _cEG-ScBUE _dEG-ScBUE |
||
| 082 | 0 | 4 |
_a428.24 _bMAN _222 |
| 100 | 1 |
_aMann, Malcolm, _eauthor. _99253 |
|
| 245 | 1 | 0 |
_aListening and speaking / _cMalcolm Mann, Steve Taylore-Knowles. |
| 264 | 1 |
_aOxford : _bMacmillan Education, _c2003. |
|
| 300 |
_a110 pages : _bcolor illustrations ; _c28 cm. |
||
| 336 |
_2rdacontent _atext _btxt |
||
| 337 |
_2rdamedia _aunmediated _bn |
||
| 338 |
_2rdacarrier _avolume _bnc |
||
| 490 | 0 | _aSkills for first certificate | |
| 520 | _aThe features of this volume include: recorded interviews with real First Certificate candidates to develop speaking skills; grammar focus; and seven complete Paper 5 speaking practice exams and four complete Paper 4 listening practice exams, conforming to UCLES specifications. | ||
| 590 | _aMohamed Hussein | ||
| 650 | 7 |
_aEnglish language _vTextbooks for foreign speakers. _2BUEsh |
|
| 650 | 7 |
_aEnglish language _xGrammar _vProblems, exercises, etc. _2BUEsh |
|
| 651 | _2BUEsh | ||
| 653 |
_bHHUUEENN _cAugust2015 _cJanuary2019 |
||
| 655 |
_vReading book _934232 |
||
| 700 | 1 |
_aTaylore-Knowles, Steve, _eauthor. _99258 |
|
| 942 |
_2ddc _cBB |
||
| 999 |
_c1451 _d1451 |
||